[Event "Aaronson Masters 1st"]
[Site "London"]
[Date "1978.03.27"]
[Round "8"]
[White "Nicholson, John Graham"]
[Black "Littlewood, Paul E"]
[Result "1/2-1/2"]
[WhiteElo "2290"]
[BlackElo "2345"]
[PlyCount "66"]
[EventDate "1978.03.23"]
[EventType "swiss"]
[EventRounds "10"]
[EventCountry "ENG"]
[SourceTitle "BritBase"]
[Source "John Saunders"]
[SourceDate "2023.12.16"]
[SourceVersion "1"]
[SourceVersionDate "2023.12.16"]
[SourceQuality "1"]

1. e4 c5 2. Nf3 Nc6 3. d4 cxd4 4. Nxd4 Nf6 5. Nc3 e5 6. Ndb5 d6 7. Bg5 a6 8.
Na3 b5 9. Bxf6 gxf6 10. Nd5 f5 11. c3 Bg7 12. Bd3 Be6 13. Qh5 O-O 14. exf5 Bxd5
15. f6 e4 16. fxg7 Re8 17. Be2 Re5 18. Qh6 Rg5 19. Nc2 Ne5 20. Ne3 Bc4 21. Bxc4
bxc4 22. O-O d5 23. b3 Rb8 24. Rad1 Rb6 25. Qh3 cxb3 26. axb3 Rxb3 27. f4 exf3
28. Rxd5 Qb6 29. Qc8+ Kxg7 30. Rd4 Qg6 31. g4 Nxg4 32. Rxg4 Rxg4+ 33. Qxg4 Rxc3
1/2-1/2

[Event "Aaronson Masters 1st"]
[Site "London"]
[Date "1978.03.27"]
[Round "8"]
[White "Webb, Simon"]
[Black "Silman, Jeremy D"]
[Result "1/2-1/2"]
[WhiteElo "2445"]
[BlackElo "2360"]
[PlyCount "63"]
[EventDate "1978.03.23"]
[EventType "swiss"]
[EventRounds "10"]
[EventCountry "ENG"]
[SourceTitle "BritBase"]
[Source "John Saunders"]
[SourceDate "2023.12.16"]
[SourceVersion "1"]
[SourceVersionDate "2023.12.16"]
[SourceQuality "1"]

1. d4 Nf6 2. c4 e6 3. g3 Bb4+ 4. Bd2 Bxd2+ 5. Nxd2 c5 6. dxc5 Qa5 7. Bg2 O-O 8.
Ngf3 Qxc5 9. O-O d5 10. Rc1 Nc6 11. cxd5 Qxd5 12. Nc4 Qb5 13. a4 Qb4 14. Qd6
Qxa4 15. Nfe5 Nxe5 16. Nxe5 Qb5 17. Rc2 Qb6 18. Qxb6 axb6 19. Nc4 Ra6 20. Rfc1
b5 21. Ne5 Ra8 22. Rc5 Nd7 23. Nxd7 Bxd7 24. Bxb7 Rab8 25. Rc7 Rfd8 26. f4 Kf8
27. Kf2 Be8 28. Ke3 Rd6 29. Be4 Ra6 30. Rc8 Rxc8 31. Rxc8 Ke7 32. Ra8 1/2-1/2

[Event "Aaronson Masters 1st"]
[Site "London"]
[Date "1978.03.27"]
[Round "8"]
[White "Soos, Bela"]
[Black "Franklin, Michael J"]
[Result "1/2-1/2"]
[WhiteElo "2425"]
[BlackElo "2315"]
[PlyCount "59"]
[EventDate "1978.03.23"]
[EventType "swiss"]
[EventRounds "10"]
[EventCountry "ENG"]
[SourceTitle "BritBase"]
[Source "John Saunders"]
[SourceDate "2023.12.16"]
[SourceVersion "1"]
[SourceVersionDate "2023.12.16"]
[SourceQuality "1"]

1. d4 Nf6 2. c4 e6 3. Nc3 Bb4 4. Qc2 Nc6 5. Nf3 d6 6. Bd2 O-O 7. a3 Bxc3 8.
Bxc3 Qe7 9. e3 e5 10. dxe5 Nxe5 11. Be2 Nfg4 12. h3 Nh6 13. O-O-O Bf5 14. e4
Bg6 15. g4 Nxf3 16. Bxf3 Rfe8 17. Rhe1 f6 18. Re3 Nf7 19. Rde1 Ne5 20. Be2 Bf7
21. Bd2 Nc6 22. Qc3 Qe5 23. Bf1 a5 24. h4 a4 25. g5 fxg5 26. hxg5 Qxc3+ 27.
Bxc3 Na5 28. Bxa5 Rxa5 29. f4 Rc5 30. Rc3 1/2-1/2

[Event "Aaronson Masters 1st"]
[Site "London"]
[Date "1978.03.27"]
[Round "8"]
[White "Carleton, John Joseph"]
[Black "Sowray, Peter John"]
[Result "1-0"]
[WhiteElo "2280"]
[BlackElo "2205"]
[PlyCount "53"]
[EventDate "1978.03.23"]
[EventType "swiss"]
[EventRounds "10"]
[EventCountry "ENG"]
[SourceTitle "BritBase"]
[Source "John Saunders"]
[SourceDate "2023.12.16"]
[SourceVersion "1"]
[SourceVersionDate "2023.12.16"]
[SourceQuality "1"]

1. e4 e6 2. d4 d5 3. Nc3 Bb4 4. e5 c5 5. a3 Bxc3+ 6. bxc3 Ne7 7. Qg4 Qc7 8.
Qxg7 Rg8 9. Qxh7 cxd4 10. Ne2 Nbc6 11. f4 Bd7 12. h4 dxc3 13. h5 O-O-O 14. Qd3
d4 15. h6 Rg6 16. h7 Rh8 17. Nxd4 Nxd4 18. Qxd4 Nf5 19. Qxa7 Qc6 20. Be3 Qe4
21. Rh3 Rh6 22. O-O-O Rxh3 23. Bb6 Qxf4+ 24. Kb1 Qa4 25. Qxa4 Bxa4 26. gxh3 Bc6
27. Rd8+ 1-0

[Event "Aaronson Masters 1st"]
[Site "London"]
[Date "1978.03.27"]
[Round "8"]
[White "Stirling, William J"]
[Black "Short, Nigel D"]
[Result "0-1"]
[WhiteElo "2205"]
[BlackElo "2225"]
[PlyCount "53"]
[EventDate "1978.03.23"]
[EventType "swiss"]
[EventRounds "10"]
[EventCountry "ENG"]
[SourceTitle "BritBase"]
[Source "John Saunders"]
[SourceDate "2023.12.16"]
[SourceVersion "1"]
[SourceVersionDate "2023.12.16"]
[SourceQuality "1"]

1. e4 e6 2. d4 d5 3. Nd2 Nf6 4. e5 Nfd7 5. c3 c5 6. Bd3 b6 7. Qe2 Nc6 8. Qe3
cxd4 9. cxd4 Nb4 10. Bb1 Ba6 11. Ne2 Rc8 12. Nc3 f6 13. f4 fxe5 14. fxe5 Qh4+
15. g3 Qg4 16. h3 Qh5 17. Kf2 Be7 18. Kg2 O-O 19. Nf3 h6 20. Bd2 Nc6 21. Re1
Nxd4 22. Nxd5 exd5 23. g4 Rxf3 24. gxh5 Rxe3 25. Bxe3 Nc2 26. Bxc2 Rxc2+ 27.
Kg3 0-1

[Event "Aaronson Masters 1st"]
[Site "London"]
[Date "1978.03.27"]
[Round "8"]
[White "Rayner, Emmanuel"]
[Black "Quigley, Stephen"]
[Result "0-1"]
[WhiteElo "2345"]
[BlackElo "2080"]
[PlyCount "46"]
[EventDate "1978.03.23"]
[EventType "swiss"]
[EventRounds "10"]
[EventCountry "ENG"]
[SourceTitle "BritBase"]
[Source "John Saunders"]
[SourceDate "2023.12.16"]
[SourceVersion "1"]
[SourceVersionDate "2023.12.16"]
[SourceQuality "1"]

1. Nf3 f5 2. g3 d6 3. d4 e6 4. Bg2 Be7 5. O-O Nf6 6. c4 O-O 7. Nc3 Qe8 8. Re1
Qg6 9. e4 fxe4 10. Nxe4 Nxe4 11. Rxe4 Nc6 12. Re1 Nb4 13. a3 Nc2 14. Nh4 Bxh4
15. Be4 Nxe1 16. Bxg6 Nf3+ 17. Kh1 hxg6 18. gxh4 b6 19. Qe2 Bb7 20. Qxe6+ Kh8
21. d5 Rae8 22. Qd7 Re1+ 23. Kg2 Rg1+ 0-1

[Event "Aaronson Masters 1st"]
[Site "London"]
[Date "1978.03.27"]
[Round "8"]
[White "Bennett, Terry B"]
[Black "Supancic, Darko"]
[Result "1/2-1/2"]
[WhiteElo "2270"]
[BlackElo "2335"]
[PlyCount "27"]
[EventDate "1978.03.23"]
[EventType "swiss"]
[EventRounds "10"]
[EventCountry "ENG"]
[SourceTitle "BritBase"]
[Source "John Saunders"]
[SourceDate "2023.12.16"]
[SourceVersion "1"]
[SourceVersionDate "2023.12.16"]
[SourceQuality "1"]

1. d4 d5 2. Bg5 Nd7 3. e3 Ngf6 4. Nd2 e5 5. dxe5 Nxe5 6. Ngf3 Nxf3+ 7. Qxf3 Be7
8. h3 Be6 9. Bd3 O-O 10. O-O Nd7 11. Bf4 Nc5 12. Be2 Bf6 13. c3 c6 14. Rfd1
1/2-1/2

[Event "Aaronson Masters 1st"]
[Site "London"]
[Date "1978.03.27"]
[Round "8"]
[White "Law, Andrew P"]
[Black "Botterill, George Steven"]
[Result "1/2-1/2"]
[WhiteElo "2345"]
[BlackElo "2400"]
[PlyCount "23"]
[EventDate "1978.03.23"]
[EventType "swiss"]
[EventRounds "10"]
[EventCountry "ENG"]
[SourceTitle "BritBase"]
[Source "John Saunders"]
[SourceDate "2023.12.16"]
[SourceVersion "1"]
[SourceVersionDate "2023.12.16"]
[SourceQuality "1"]

1. e4 e6 2. d4 d5 3. exd5 exd5 4. Nf3 Bd6 5. c4 dxc4 6. Bxc4 Nf6 7. O-O O-O 8.
Bg5 h6 9. Bh4 Nbd7 10. Nc3 c6 11. Re1 Qa5 12. Bb3 1/2-1/2

[Event "Aaronson Masters 1st"]
[Site "London"]
[Date "1978.03.28"]
[Round "9"]
[White "Hartston, William Roland"]
[Black "Bellin, Robert"]
[Result "1-0"]
[WhiteElo "2475"]
[BlackElo "2415"]
[PlyCount "121"]
[EventDate "1978.03.23"]
[EventType "swiss"]
[EventRounds "10"]
[EventCountry "ENG"]
[SourceTitle "BritBase"]
[Source "John Saunders"]
[SourceDate "2023.12.16"]
[SourceVersion "1"]
[SourceVersionDate "2023.12.16"]
[SourceQuality "1"]

1. d3 d5 2. g3 g6 3. Bg2 Bg7 4. Nf3 e5 5. O-O Ne7 6. Nbd2 O-O 7. e4 dxe4 8.
dxe4 b6 9. Re1 Nbc6 10. c3 a5 11. a4 Ba6 12. Bf1 Bxf1 13. Nxf1 Qxd1 14. Rxd1
Rfd8 15. Be3 f6 16. N1d2 Bf8 17. Nc4 Kf7 18. Kf1 Rxd1+ 19. Rxd1 Rd8 20. Rxd8
Nxd8 21. Ne1 Nc8 22. Ke2 Ke6 23. Nd3 Nc6 24. Kd2 Be7 25. f3 Bf8 26. Kc2 Be7 27.
Bf2 Bf8 28. Ne3 N8e7 29. Nc4 Nc8 30. g4 Bd6 31. Kb3 Bf8 32. f4 Bh6 33. f5+ gxf5
34. gxf5+ Kf7 35. Kc2 Bf8 36. Be3 Ke8 37. Nf2 Nd8 38. Nd3 Nc6 39. h4 Kd7 40.
Nf2 Ke8 41. Kd3 Nd8 42. Ng4 Be7 43. Bd2 Nb7 44. b4 c6 45. h5 Bd8 46. Be1 Kf7
47. Ngxe5+ fxe5 48. Nxe5+ Ke8 49. Nxc6 Bg5 50. e5 Ne7 51. Nxe7 Bxe7 52. Kc4 Kd7
53. Kd5 Nd8 54. e6+ Ke8 55. Bf2 axb4 56. cxb4 Bxb4 57. Bxb6 Nb7 58. f6 Bc3 59.
Kc6 Bxf6 60. Kxb7 Bc3 61. Kc6 1-0

[Event "Aaronson Masters 1st"]
[Site "London"]
[Date "1978.03.28"]
[Round "9"]
[White "Ornstein, Axel"]
[Black "Basman, Michael John"]
[Result "1-0"]
[WhiteElo "2425"]
[BlackElo "2395"]
[PlyCount "109"]
[EventDate "1978.03.23"]
[EventType "swiss"]
[EventRounds "10"]
[EventCountry "ENG"]
[SourceTitle "BritBase"]
[Source "John Saunders"]
[SourceDate "2023.12.16"]
[SourceVersion "1"]
[SourceVersionDate "2023.12.16"]
[SourceQuality "1"]

1. d4 d5 2. c4 c6 3. Nc3 Nf6 4. Bg5 Nbd7 5. cxd5 cxd5 6. e3 e6 7. Bd3 Be7 8.
Nf3 a6 9. O-O O-O 10. Qe2 Nb6 11. Ne5 Nfd7 12. Bxe7 Qxe7 13. f4 f6 14. Nf3 Rd8
15. Rae1 Nf8 16. e4 dxe4 17. Qxe4 Qb4 18. Rf2 Rb8 19. a3 Qa5 20. Bb1 Bd7 21.
Ba2 Kh8 22. Qd3 Rbc8 23. f5 Qxf5 24. Qxf5 exf5 25. d5 Ng6 26. Rd1 Nc4 27. Bxc4
Rxc4 28. Nd4 f4 29. Rdd2 Kg8 30. h3 Re8 31. Kf1 Re5 32. Rf3 Ne7 33. Nb3 g5 34.
Na5 Rc8 35. Nxb7 Nf5 36. Kf2 Kf8 37. Rfd3 h5 38. b4 Ke8 39. d6 Ne3 40. Nc5 a5
41. Nd5 Nxd5 42. Rxd5 Rxd5 43. Rxd5 axb4 44. axb4 Ra8 45. Rd2 Bb5 46. Ne4 Ra1
47. g4 Rf1+ 48. Kg2 f3+ 49. Kh2 Re1 50. Nxf6+ Kf7 51. d7 Bxd7 52. Nxd7 hxg4 53.
hxg4 Re4 54. Kg3 f2 55. Kxf2 1-0

[Event "Aaronson Masters 1st"]
[Site "London"]
[Date "1978.03.28"]
[Round "9"]
[White "Haik, Aldo"]
[Black "Diesen, Mark C"]
[Result "1/2-1/2"]
[WhiteElo "2425"]
[BlackElo "2440"]
[PlyCount "100"]
[EventDate "1978.03.23"]
[EventType "swiss"]
[EventRounds "10"]
[EventCountry "ENG"]
[SourceTitle "BritBase"]
[Source "John Saunders"]
[SourceDate "2023.12.16"]
[SourceVersion "1"]
[SourceVersionDate "2023.12.16"]
[SourceQuality "1"]

1. d4 Nf6 2. c4 e6 3. Nc3 Bb4 4. Qc2 d5 5. cxd5 Qxd5 6. Nf3 c5 7. Bd2 Qd8 8.
dxc5 Bxc5 9. e3 Nc6 10. a3 O-O 11. Rd1 Bd7 12. Bc4 Rc8 13. Ba2 h6 14. Bb1 Qe7
15. b4 Bd6 16. O-O Rfd8 17. Bc1 Ne5 18. Nxe5 Bxe5 19. Bb2 Rc7 20. f4 Bd6 21.
Qd3 Bc6 22. Nb5 Bxb5 23. Qxb5 Rcd7 24. Bd4 e5 25. Bxa7 exf4 26. exf4 Bxf4 27.
Rxd7 Be3+ 28. Kh1 Rxd7 29. Bb8 Bd4 30. Bg3 Rd5 31. Qc4 b5 32. Qc2 g6 33. Ba2
Rg5 34. Bh4 Rf5 35. Rxf5 gxf5 36. Qxf5 Kg7 37. Qxb5 Qe3 38. Qf1 Qxa3 39. Qc4
Qa7 40. h3 Ne4 41. Qe2 Nc3 42. Qg4+ Kf8 43. Qc8+ Kg7 44. Qg4+ Kf8 45. Qc8+ Kg7
46. Bf2 Bxf2 47. Qxc3+ Qd4 48. Qb3 Qf4 49. Qb1 Bd4 50. b5 Qf2 1/2-1/2

[Event "Aaronson Masters 1st"]
[Site "London"]
[Date "1978.03.28"]
[Round "9"]
[White "Franklin, Michael J"]
[Black "Webb, Simon"]
[Result "1-0"]
[WhiteElo "2315"]
[BlackElo "2445"]
[PlyCount "95"]
[EventDate "1978.03.23"]
[EventType "swiss"]
[EventRounds "10"]
[EventCountry "ENG"]
[SourceTitle "BritBase"]
[Source "John Saunders"]
[SourceDate "2023.12.16"]
[SourceVersion "1"]
[SourceVersionDate "2023.12.16"]
[SourceQuality "1"]

1. d4 g6 2. Nf3 Bg7 3. c3 d6 4. h3 f5 5. Bf4 Nf6 6. e3 O-O 7. Bc4+ e6 8. Qb3
Qe7 9. a4 a5 10. Na3 Kh8 11. Nb5 Ne4 12. h4 c6 13. Na3 Nd7 14. Bg5 Nxg5 15.
hxg5 d5 16. Be2 e5 17. O-O-O e4 18. Nh4 Qxg5 19. g3 Qf6 20. Ng2 g5 21. Rh2 Qd6
22. Rdh1 Nf6 23. Qb6 Be6 24. Kb1 Rf7 25. Ka1 Bf8 26. Rb1 Qc7 27. Qb3 b6 28.
Rhh1 Bc8 29. Rhc1 Ba6 30. Bxa6 Rxa6 31. c4 Ra8 32. cxd5 Nxd5 33. Nc4 Nb4 34.
Ne5 Rf6 35. Ne1 Bd6 36. f4 Bxe5 37. dxe5 Qf7 38. Qxf7 Rxf7 39. Rd1 gxf4 40.
gxf4 Rg8 41. Rbc1 Rg3 42. Rd8+ Kg7 43. Nc2 Nd3 44. Rh1 c5 45. Na3 Rxe3 46. Rg1+
Kh6 47. Rd6+ Kh5 48. Rg5+ 1-0

[Event "Aaronson Masters 1st"]
[Site "London"]
[Date "1978.03.28"]
[Round "9"]
[White "Short, Nigel D"]
[Black "Goodman, David SC"]
[Result "1-0"]
[WhiteElo "2225"]
[BlackElo "2320"]
[PlyCount "93"]
[EventDate "1978.03.23"]
[EventType "swiss"]
[EventRounds "10"]
[EventCountry "ENG"]
[SourceTitle "BritBase"]
[Source "John Saunders"]
[SourceDate "2023.12.16"]
[SourceVersion "1"]
[SourceVersionDate "2023.12.16"]
[SourceQuality "1"]

1. e4 b6 2. d3 Bb7 3. Nf3 g6 4. g3 Bg7 5. Bg2 c5 6. O-O Nc6 7. Re1 d6 8. c3 Nf6
9. d4 cxd4 10. cxd4 e5 11. d5 Ne7 12. Nc3 O-O 13. b3 Qd7 14. Bb2 Nh5 15. Nd2
Ba6 16. Bf3 Bh6 17. Nf1 Ng7 18. Be2 Bb7 19. a4 f5 20. f3 a6 21. Qd3 Ne8 22. Nd2
f4 23. g4 Bg5 24. Nc4 Nc8 25. Kg2 Bh4 26. Rh1 h5 27. h3 Qe7 28. Na2 Bg3 29. Bd1
Qh4 30. Qe2 Ra7 31. Nb4 Ba8 32. Bc2 Qg5 33. a5 Rh7 34. axb6 Nf6 35. Qd3 Bb7 36.
Rag1 Qh4 37. Qe2 Kf7 38. Na5 Rfh8 39. Nxb7 hxg4 40. Bd1 gxh3+ 41. Kf1 Nxb6 42.
Nxd6+ Kg7 43. Bxe5 Nbd7 44. Bd4 Kg8 45. Qxa6 Be1 46. Qc8+ Nf8 47. Rxg6+ 1-0

[Event "Aaronson Masters 1st"]
[Site "London"]
[Date "1978.03.28"]
[Round "9"]
[White "Littlewood, Paul E"]
[Black "Valvo, Michael J"]
[Result "0-1"]
[WhiteElo "2345"]
[BlackElo "2530"]
[PlyCount "88"]
[EventDate "1978.03.23"]
[EventType "swiss"]
[EventRounds "10"]
[EventCountry "ENG"]
[SourceTitle "BritBase"]
[Source "John Saunders"]
[SourceDate "2023.12.16"]
[SourceVersion "1"]
[SourceVersionDate "2023.12.16"]
[SourceQuality "1"]

1. e4 Nf6 2. e5 Nd5 3. d4 d6 4. Bc4 Be6 5. Qe2 c5 6. Nf3 Nc6 7. Qe4 cxd4 8.
Nxd4 Nxd4 9. Qxd4 Nc7 10. exd6 Bxc4 11. Qxc4 Qxd6 12. O-O Qc6 13. Qxc6+ bxc6
14. b3 e5 15. Bb2 f6 16. Rd1 Bc5 17. Nd2 O-O-O 18. Ne4 Be7 19. Kf1 Ne6 20. g3
Rd5 21. c4 Rdd8 22. Ke2 f5 23. Nd2 e4 24. f3 Nd4+ 25. Bxd4 Rxd4 26. Nf1 Rhd8
27. Rxd4 Rxd4 28. Ne3 exf3+ 29. Kxf3 g6 30. Rd1 Rxd1 31. Nxd1 Kd7 32. Nf2 Ke6
33. Nd3 a5 34. Ke3 g5 35. Kf3 h5 36. Ke3 Bd6 37. Kf3 Kf6 38. h4 g4+ 39. Kf2 Ke6
40. a3 Bxa3 41. Nf4+ Kf7 42. Nxh5 Bc1 43. c5 Ba3 44. Nf4 Bxc5+ {Source: Paul
Littlewood} 0-1

[Event "Aaronson Masters 1st"]
[Site "London"]
[Date "1978.03.28"]
[Round "9"]
[White "Britton, Richard L"]
[Black "Supancic, Darko"]
[Result "0-1"]
[WhiteElo "2300"]
[BlackElo "2335"]
[PlyCount "72"]
[EventDate "1978.03.23"]
[EventType "swiss"]
[EventRounds "10"]
[EventCountry "ENG"]
[SourceTitle "BritBase"]
[Source "John Saunders"]
[SourceDate "2023.12.16"]
[SourceVersion "1"]
[SourceVersionDate "2023.12.16"]
[SourceQuality "1"]

1. e4 c5 2. Nf3 Nf6 3. Nc3 Nc6 4. d4 d5 5. exd5 Nxd5 6. Nxd5 Qxd5 7. Be3 cxd4
8. Nxd4 a6 9. Be2 e5 10. Nxc6 Qxc6 11. O-O Be6 12. c4 Be7 13. Qb3 Rc8 14. Rfc1
O-O 15. Qb6 f5 16. Qxc6 Rxc6 17. f3 Rd8 18. Rc2 f4 19. Bf2 Bf5 20. Rc3 Rd2 21.
Bf1 Rxb2 22. Rb3 Rxb3 23. axb3 Bc2 24. Ra5 Bxb3 25. Rxe5 Bd6 26. Rd5 Bc7 27.
Rd4 a5 28. Bd3 Rd6 29. Kf1 a4 30. Ke2 a3 31. Rxd6 Bxd6 32. Bd4 Bb4 33. g3 fxg3
34. hxg3 a2 35. Bb2 Ba3 36. Ba1 Be7 0-1

[Event "Aaronson Masters 1st"]
[Site "London"]
[Date "1978.03.28"]
[Round "9"]
[White "Botterill, George Steven"]
[Black "Ligterink, Gert"]
[Result "1/2-1/2"]
[WhiteElo "2400"]
[BlackElo "2440"]
[PlyCount "45"]
[EventDate "1978.03.23"]
[EventType "swiss"]
[EventRounds "10"]
[EventCountry "ENG"]
[SourceTitle "BritBase"]
[Source "John Saunders"]
[SourceDate "2023.12.16"]
[SourceVersion "1"]
[SourceVersionDate "2023.12.16"]
[SourceQuality "1"]

1. e4 c5 2. Nf3 e6 3. c3 d5 4. e5 Qb6 5. d4 Nc6 6. Be2 Nh6 7. b3 cxd4 8. cxd4
Nf5 9. Bb2 Bb4+ 10. Kf1 O-O 11. g4 Nh6 12. Rg1 f6 13. exf6 Rxf6 14. g5 Rxf3 15.
gxh6 Rf7 16. Bd3 e5 17. Qh5 e4 18. Be2 Be6 19. Nc3 Bxc3 20. Bxc3 Nxd4 21. Qe5
Nf5 22. Bh5 Re7 23. Bg4 1/2-1/2

[Event "Aaronson Masters 1st"]
[Site "London"]
[Date "1978.03.28"]
[Round "9"]
[White "Bailey, Richard"]
[Black "Bennett, Terry B"]
[Result "1/2-1/2"]
[WhiteElo "2325"]
[BlackElo "2270"]
[PlyCount "43"]
[EventDate "1978.03.23"]
[EventType "swiss"]
[EventRounds "10"]
[EventCountry "ENG"]
[SourceTitle "BritBase"]
[Source "John Saunders"]
[SourceDate "2023.12.16"]
[SourceVersion "1"]
[SourceVersionDate "2023.12.16"]
[SourceQuality "1"]

1. d4 e6 2. g3 d5 3. c4 c5 4. cxd5 exd5 5. Nf3 Nc6 6. Nc3 Nf6 7. Bg2 Be7 8. O-O
O-O 9. b3 Be6 10. Bb2 Qa5 11. dxc5 Qxc5 12. Rc1 Qa5 13. Qd3 Rad8 14. Qb5 Qc7
15. Rfd1 a6 16. Qd3 Qa5 17. Na4 Ne4 18. Nd4 Nb4 19. Qb1 Bd7 20. Bxe4 dxe4 21.
Qxe4 Rfe8 22. Qxb7 1/2-1/2

[Event "Aaronson Masters 1st"]
[Site "London"]
[Date "1978.03.28"]
[Round "9"]
[White "Macpherson, H Dugald"]
[Black "Reuben, Stewart"]
[Result "1-0"]
[WhiteElo "2315"]
[BlackElo "2270"]
[PlyCount "35"]
[EventDate "1978.03.23"]
[EventType "swiss"]
[EventRounds "10"]
[EventCountry "ENG"]
[SourceTitle "BritBase"]
[Source "John Saunders"]
[SourceDate "2023.12.16"]
[SourceVersion "1"]
[SourceVersionDate "2023.12.16"]
[SourceQuality "1"]

1. c4 Nf6 2. g3 e6 3. Bg2 d5 4. Nf3 c5 5. cxd5 Nxd5 6. Nc3 Nc6 7. O-O Be7 8. d4
Bf6 9. Nxd5 exd5 10. dxc5 O-O 11. Qc2 Qe7 12. Bf4 Nb4 13. Qd2 Qxc5 14. Rfc1 Qb5
15. a4 Qa5 16. Bc7 b6 17. Bd6 Na6 18. b4 1-0

[Event "Aaronson Masters 1st"]
[Site "London"]
[Date "1978.03.29"]
[Round "10"]
[White "Franklin, Michael J"]
[Black "Ornstein, Axel"]
[Result "1-0"]
[WhiteElo "2315"]
[BlackElo "2425"]
[PlyCount "115"]
[EventDate "1978.03.23"]
[EventType "swiss"]
[EventRounds "10"]
[EventCountry "ENG"]
[SourceTitle "BritBase"]
[Source "John Saunders"]
[SourceDate "2023.12.16"]
[SourceVersion "1"]
[SourceVersionDate "2023.12.16"]
[SourceQuality "1"]

1. d4 Nf6 2. Nf3 b6 3. Bf4 Bb7 4. e3 e6 5. Bd3 Be7 6. Nbd2 c5 7. h3 O-O 8. O-O
Nc6 9. c3 cxd4 10. exd4 Nd5 11. Bh2 f5 12. Re1 Qe8 13. a3 Bf6 14. Nc4 Qg6 15.
Nd6 Nd8 16. Nxb7 Nxb7 17. Ne5 Bxe5 18. Bxe5 Qh6 19. Qf3 Na5 20. c4 Nf6 21. d5
Rac8 22. dxe6 dxe6 23. Bf4 Qh5 24. Rxe6 Qxf3 25. gxf3 Nxc4 26. b3 Na5 27. Ba6
Nxb3 28. Bxc8 Rxc8 29. Rd1 Kf7 30. Re5 Rc4 31. Bg5 h6 32. Bxf6 Kxf6 33. Red5
Nc5 34. Rd6+ Kg5 35. Kg2 Rc3 36. a4 Rc4 37. R1d4 Rxa4 38. Rxa4 Nxa4 39. Rd7 g6
40. Rxa7 Nc5 41. Kg3 f4+ 42. Kg2 Ne6 43. Rb7 Nd4 44. Rxb6 Nf5 45. Rb5 Kf6 46.
Rb4 g5 47. Kf1 Kg6 48. Ke2 Nh4 49. Rb6+ Kg7 50. Ra6 Kh7 51. Kd3 Nxf3 52. Ke4
Nh4 53. Ke5 Kg7 54. Rb6 h5 55. Ra6 Kf7 56. Rh6 Kg7 57. Rxh5 Kg6 58. Rxh4 1-0

[Event "Aaronson Masters 1st"]
[Site "London"]
[Date "1978.03.29"]
[Round "10"]
[White "Nunn, John DM"]
[Black "Short, Nigel D"]
[Result "1-0"]
[WhiteElo "2440"]
[BlackElo "2225"]
[PlyCount "111"]
[EventDate "1978.03.23"]
[EventType "swiss"]
[EventRounds "10"]
[EventCountry "ENG"]
[SourceTitle "BritBase"]
[Source "John Saunders"]
[SourceDate "2023.12.16"]
[SourceVersion "1"]
[SourceVersionDate "2023.12.16"]
[SourceQuality "1"]

1. e4 e6 2. d4 d5 3. Nd2 Nf6 4. e5 Nfd7 5. Ngf3 c5 6. c3 Nc6 (6... b6 {
Nunn-Short, Geneva 1979}) 7. Bd3 cxd4 8. cxd4 Qb6 9. O-O Be7 10. Re1 O-O 11.
Nf1 f6 12. exf6 Nxf6 13. Ng3 Bd7 14. a3 a5 15. b3 Rae8 16. Bb2 Bd6 17. Bc2 Bc8
18. Rc1 Bf4 19. Rb1 Qd8 20. Qd3 g6 21. Rbd1 Ng4 22. Re2 b6 23. h3 Nf6 24. Ne5
Nxe5 25. dxe5 Nd7 26. b4 Qg5 27. Rde1 Bb7 28. Ba4 Re7 29. Bd4 axb4 30. axb4 Bc8
31. Nf1 Ref7 32. g3 Rf5 33. Bxd7 Bxd7 34. Kh2 Bc1 35. f4 Bxf4 36. gxf4 Qxf4+
37. Ng3 Rg5 38. Rg2 Bb5 39. Qe3 Qh4 40. Bxb6 Rf4 41. Bd8 h6 42. Bxg5 hxg5 43.
Rf2 d4 44. Qd2 Rg4 45. Ne4 Rxe4 46. Rxe4 Qxe4 47. Qxg5 Be8 48. Qf6 Kh7 49. Qe7+
Kh6 50. Qf8+ Kh7 51. Qf4 Qd5 52. b5 d3 53. b6 Bc6 54. Kg3 Be8 55. Qg5 Qe4 56.
Qh4+ 1-0

[Event "Aaronson Masters 1st"]
[Site "London"]
[Date "1978.03.29"]
[Round "10"]
[White "Diesen, Mark C"]
[Black "Basman, Michael John"]
[Result "1-0"]
[WhiteElo "2440"]
[BlackElo "2395"]
[PlyCount "105"]
[EventDate "1978.03.23"]
[EventType "swiss"]
[EventRounds "10"]
[EventCountry "ENG"]
[SourceTitle "BritBase"]
[Source "John Saunders"]
[SourceDate "2023.12.16"]
[SourceVersion "1"]
[SourceVersionDate "2023.12.16"]
[SourceQuality "1"]

1. d4 d5 2. c4 c6 3. Nc3 Nf6 4. e3 g6 5. Nf3 Bg7 6. Bd3 O-O 7. O-O Nbd7 8. h3
Nb6 9. b3 Bf5 10. a4 a5 11. Ba3 Re8 12. cxd5 Bxd3 13. Qxd3 Nbxd5 14. Rac1 Rb8
15. Nd1 Nd7 16. e4 Nf4 17. Qd2 Bh6 18. Ne3 Nf6 19. Qc2 Qd7 20. Kh2 Qe6 21. Ne5
Rbd8 22. Bb2 Bg7 23. Rcd1 Qc8 24. N3c4 N6h5 25. g4 Nf6 26. Nxa5 h5 27. f3 Nh7
28. Kg3 Bxe5 29. dxe5 g5 30. Nc4 Nf8 31. h4 N8g6 32. hxg5 h4+ 33. Kh2 b5 34.
Ne3 bxa4 35. bxa4 Qb8 36. Kh1 Qa7 37. Nc4 Ne6 38. Qc3 Ngf4 39. Qc2 Nh3 40. Kh2
Nhxg5 41. f4 Rxd1 42. Qxd1 Nxe4 43. Qf3 Ng3 44. Rc1 Qxa4 45. Kh3 Rb8 46. Kxh4
Ne4 47. Ba1 Nd2 48. Nxd2 Nxf4 49. Kg3 Rb4 50. Bc3 Qb5 51. Re1 Nd3 52. Re3 Rf4
53. Qe2 1-0

[Event "Aaronson Masters 1st"]
[Site "London"]
[Date "1978.03.29"]
[Round "10"]
[White "Bellin, Robert"]
[Black "Quigley, Stephen"]
[Result "1-0"]
[WhiteElo "2415"]
[BlackElo "2080"]
[PlyCount "85"]
[EventDate "1978.03.23"]
[EventType "swiss"]
[EventRounds "10"]
[EventCountry "ENG"]
[SourceTitle "BritBase"]
[Source "John Saunders"]
[SourceDate "2023.12.16"]
[SourceVersion "1"]
[SourceVersionDate "2023.12.16"]
[SourceQuality "1"]

1. d4 c6 2. e4 g6 3. f4 d5 4. e5 h5 5. Nf3 Bg4 6. Bd3 Nh6 7. Be3 e6 8. Nbd2 Nf5
9. Bf2 Bh6 10. h3 Bxf3 11. Qxf3 h4 12. O-O Na6 13. c3 Nc7 14. a4 a5 15. Rfb1 b5
16. Ra2 b4 17. cxb4 axb4 18. Nb3 Bf8 19. Rc1 Qd7 20. Raa1 Be7 21. Rc2 Kf8 22.
Qd1 Kg7 23. Nc5 Bxc5 24. Rxc5 Na6 25. Rc2 Qb7 26. b3 Rac8 27. Rac1 Nb8 28. Qd2
Nd7 29. Qe1 Qb6 30. Bxf5 gxf5 31. Rd1 Rh6 32. Bxh4 Rch8 33. Be7 Rg6 34. Rd3 Qa6
35. Re3 c5 36. Bxc5 Nxc5 37. Rxc5 Qb6 38. Rg3 Rhh6 39. Rxg6+ Rxg6 40. Qe3 Qd8
41. Qf2 Qh8 42. Kh2 Qf8 43. a5 1-0